00438nam a2200157Ia 4500008004100000040001900041041001200060082002000072100002200092245005900114260003300173300002400206650001800230651001400248850001800262131103s9999 xx 000 0 und d aLoreto College aEnglish a920/RUSbLCLIB/ aO'Brrien, R.Barry 4aThe life of Lord Russell of killowencR.Barry O'Brrien aLondonbThomas nelsonc[19?] aviii,384p. c 20cm. aRussell, Lord aBiography aLCLIB/920/RUS